00428nam a2200169Ia 4500003000400000005001700004008004100021020001800062050002100080100002200101245004600123260003500169300003300204440000600237521000700243526000800250OSt20140314154412.0140130s9999 xx 000 0 und d a9780439711241 aPZ 7b.P154 2004 aPalatini, Margie  aMary has a little ham /cMargie Palatini. bScholastic,c2004.aNew York : a30 p. :bcol. ill. ;c23 cm. v1 aG4 c660